[Event "Ricany op-B"]
[Site "Ricany"]
[Date "2008.08.29"]
[Round "8"]
[White "Studzinski, Brunon"]
[Black "Psenicka, Tomas"]
[Result "1/2-1/2"]
[WhiteElo "1000"]
[BlackElo "1641"]
[PlyCount "32"]
[EventDate "2008.08.23"]
[EventType "swiss"]
[EventRounds "9"]
[EventCountry "CZE"]
[SourceTitle "CBM 126 Extra"]
[Source "ChessBase"]
[SourceDate "2008.11.05"]
[SourceVersion "1"]
[SourceVersionDate "2008.11.05"]
[SourceQuality "1"]

1. d3 e6 2. Nf3 Be7 3. g3 Nf6 4. Bg2 d5 5. 0-0 Nbd7 6. Nbd2 Rb8 7. b3 0-0 8. Bb2 c5 9. Re1 b6 10. c4 d4 11. e3 e5 12. Bh3 Bd6 13. Ne4 Nxe4 14. dxe4 Nf6 15. Bxc8 Qxc8 16. exd4 Qh3 1/2-1/2

[Event "Ricany op-B"]
[Site "Ricany"]
[Date "2008.08.23"]
[Round "1"]
[White "Psenicka, Tomas"]
[Black "Fojtu, Jan"]
[Result "1-0"]
[WhiteElo "1641"]
[BlackElo "1250"]
[PlyCount "41"]
[EventDate "2008.08.23"]
[EventType "swiss"]
[EventRounds "9"]
[EventCountry "CZE"]
[SourceTitle "CBM 126 Extra"]
[Source "ChessBase"]
[SourceDate "2008.11.05"]
[SourceVersion "1"]
[SourceVersionDate "2008.11.05"]
[SourceQuality "1"]

1. d4 d5 2. Nf3 Nc6 3. h3 h6 4. e3 e6 5. a3 a6 6. c4 dxc4 7. Bxc4 Be7 8. Nc3 Nf6 9. 0-0 0-0 10. e4 b5 11. Ba2 Bb7 12. e5 Nd5 13. Nxd5 exd5 14. b4 Qd7 15. Bb2 f6 16. Qd3 fxe5 17. Nxe5 Nxe5 18. dxe5 Kh8 19. Bb1 Kg8 20. Qh7+ Kf7 21. Qg6+ 1-0